000 00658nam a22002177a 4500
003 UA-OsUOA
001 37209
007 ta
008 20060227b un ||||| |||| 00| 0 ukr d
100 _aЯкименко М.
090 _a82
_bЯ11
942 _cSA
040 _aUA-OsUOA
_bukr
_cUA-OsUOA
_dUA-OsUOA
245 _aБо в серці в неї те, що не вмирає. Волинь відзначає 135-ліття від дня народження Лесі Українки
300 _aС.8
955 _a0
041 _aukr
080 _a82
773 0 _w37207
650 7 _a82 Література. Літературознавство
_2UDC
999 _c323417
_d323417